000
00398nam a2200145Ia 4500
008
090124s9999 xx 000 0 und d
082
_b
206920
245
_a
चक्रव्यूह
250
_a
1
260
_b
पाण्डेय पृथ्वीनाथ
_c
2002
300
_a
20
630
_a
चक्रव्यूह
730
_a
चक्रव्यूह
942
_c
BOOK
999
_c
188916
_d
188916